Derechos Humanos en Nicaragua: Observación y recomendaciones de los órganos tratados de Naciones Unidas 2007 - 2009
| Main Author: | |
|---|---|
| Format: | Section = Libro |
| Language: | Undetermined Spanish |
| Published: |
Managua
ARDISA
2009
|
| Subjects: |
| LEADER | 00671nam a2200181Ia 4500 | ||
|---|---|---|---|
| 008 | 241007s9999||||xx |||||||||||||| ||und|| | ||
| 040 | |a BIBLIOTECA-RURC/ 323 N124 | ||
| 041 | |a spa | ||
| 082 | |a 323 N124 | ||
| 100 | 1 | |a Naciones Unidas. Oficina del alto comisionado para los derechos Humanos | |
| 245 | 1 | 0 | |a Derechos Humanos en Nicaragua: Observación y recomendaciones de los órganos tratados de Naciones Unidas 2007 - 2009 |
| 260 | |a Managua |b ARDISA |c 2009 | ||
| 300 | |a 198 p. :il. | ||
| 650 | 7 | |a INSTRUMENTOS INTERNACIONALES DE DERECHOS HUMANOS | |
| 650 | 7 | |b OBSERVACIONES DE LOS ORGANOS DE TRATADOS DE DERECHOS HUMANOS. | |
| 942 | |c BK |2 ddc | ||
| 991 | |a TEXTO | ||
| 999 | |c 14272 | ||